LEADER 01246nam0 22003011i 450 001 UON00218489 005 20231205103404.493 010 $a21-303-8565-6 100 $a20030730d1984 |0itac50 ba 101 $afre 102 $aFR 105 $a|||| ||||| 200 1 $aBlaise Pascal$e"Les Provinciales"$fPar Gérard Ferreyrolles 210 $aParis$cPresses universitaires de France$d1984. 124 p. ; 18 cm. 410 1$1001UON00175449$12001 $aEtudes littéraires$1210 $aParis$cPresses universitaires de France.$v3 606 $aPASCAL BLAISE. Les Provinciales$3UONC046462$2FI 620 $aFR$dParis$3UONL002984 676 $a273$cControversie reiligiose$v21 676 $a848.4$cMiscellanea francese. Periodo classico, 1600-1715$v21 676 $a234.1$cTeologia cristiana$v21 700 1$aFerreyrolles$bGérard$3UONV132441$00 712 $aPresses Universitaires de France$3UONV245970$4650 801 $aIT$bSOL$c20251017$gRICA 899 $aSIBA - SISTEMA BIBLIOTECARIO DI ATENEO$2UONSI 912 $aUON00218489 950 $aSIBA - SISTEMA BIBLIOTECARIO DI ATENEO$dSI 19 E.L. 003 $eSI LO 41604 5 003 996 $aBlaise Pascal$91266283 997 $aUNIOR